000 00415nam a2200145Ia 4500
008 240729s9999 xx 000 0 und d
022 _a2537-7043
245 0 _aJournal of Home Language Research
260 _aSweden
260 _bStockholm University Press
650 _aLanguage and Literature | Education
856 _uhttps://doaj.org/toc/bec4db5427754b399633f4818aeccb7b
942 _2ddc
942 _cDOAJEJ
999 _c69221
_d69221
945 _a1
_bMadushi Gamage
_c1
_dMadushi Gamage